00489cam a22002051 4500001001300000003000400013005001700017008004100034010001700075035002000092040001800112042001200130050002000142100002700162245002800189260001200217300001900229500001800248999001700266sa 64000333 DLC20260227111955.0890703s1962 ii 000 0 malo  asa 64000333  a(OCoLC)19958792 aDLCcWaUdDLC apremarc00aPL4718.9.M6bV40 aMoidu Padiyath,d1931-10aVeḷutta piśācȧ. c[1962?] a207 p.c18 cm. aIn Malayalam. c56149d56149